| 000 | 01419nam a22003737a 4500 | ||
|---|---|---|---|
| 003 | CHAP | ||
| 005 | 20220817042809.0 | ||
| 008 | 971013s1983 r 00010 d | ||
| 010 | _a55969 | ||
| 011 | _a56941 | ||
| 035 | _a61094 | ||
| 040 | _cCHAP | ||
| 082 |
_a631.0913 _bS23 |
||
| 100 | 0 | 0 |
_aScherr, Sara J. _9102976 |
| 245 |
_aDevelopment and equity in tropical Mexico _b: thirty years of the Papaloapan Project |
||
| 260 |
_aNew York : _bCornell University. New York State College of Agriculture and Life Sciences, _c1983 |
||
| 300 |
_a237 p. _b: mapas ; gráfs. |
||
| 490 |
_aCornell International agricultural economics study A.E. research _v; 83-3 |
||
| 590 |
_aBATCH-UPD _b10 _c20130109 _lUCH01 _h2354 |
||
| 590 |
_aBATCH-UPD _b10 _c20130110 _lUCH01 _h0343 |
||
| 590 |
_aBATCH-UPD _b10 _c20130110 _lUCH01 _h2144 |
||
| 590 |
_aBATCH-UPD _b10 _c20130409 _lUCH01 _h1927 |
||
| 590 |
_aBATCH-UPD _b10 _c20130410 _lUCH01 _h0114 |
||
| 590 |
_aBATCH-UPD _b10 _c20130913 _lUCH01 _h2356 |
||
| 590 |
_aCONVERSION _b10 _c20130109 _lUCH01 _h1330 |
||
| 650 | 1 | 4 |
_aAgricultura _xTrópicos. _91888 |
| 650 | 1 | 4 |
_aComisión del Papaloapan. _925697 |
| 650 | 1 | 4 |
_aCuencas del Papaloapan. _930090 |
| 700 | 0 |
_aPoleman, Thomas T. _990206 |
|
| 830 | 0 |
_aCornell International agricultural economics study A.E. research _v; 83-3 |
|
| 901 | _aBK | ||
| 942 | _cLIBRO | ||
| 949 |
_a631.0913 S23 _bBC _cLIBRO _d33724000555744 _eLIBRO _h61794 _i61094 _si |
||
| 999 |
_c55969 _d55969 |
||